000 01033cam a22002657a 4500
003 CHAP
005 20220329134728.0
008 971013s mx r 00010 spa d
010 _a24938
011 _a25910
035 _a30010
040 _cCHAP
090 _aR-2966
110 1 _aInstituto Interamericano de Ciencias Agrícolas de la OEA. Centro Interamericano de Documentación, Información y Comunicación Agrícola
_959211
245 1 0 _aBase de datos bibliográficos del AGRINTER
_b: elementos básicos y operaciones
500 _aSobretiro de: IICA.CIDIA. Análisis sobre el desarrollo del sistema interamericano de información agrícola AGRINTER pp. 83-90
590 _aBATCH-UPD
_b10
_c20130110
_lUCH01
_h1017
590 _aBATCH-UPD
_b10
_c20130410
_lUCH01
_h0624
590 _aBATCH-UPD
_b10
_c20130913
_lUCH01
_h2125
590 _aCONVERSION
_b10
_c20130109
_lUCH01
_h1314
650 1 4 _aAgricultura
_xSistemas de información.
_91796
901 _aBK
942 _cREIMP
949 _aR-2966
_bBC
_cR
_d-69287
_eTS1
_i30010
_si
999 _c24938
_d24938